<?xml version="1.0" encoding="UTF-8"?>
<record
    xmlns:xsi="http://www.w3.org/2001/XMLSchema-instance"
    xsi:schemaLocation="http://www.loc.gov/MARC21/slim http://www.loc.gov/standards/marcxml/schema/MARC21slim.xsd"
    xmlns="http://www.loc.gov/MARC21/slim">

  <leader>01826nam a2200349 a 4500</leader>
  <controlfield tag="003">AR-BaBN</controlfield>
  <controlfield tag="005">20260604155536.0</controlfield>
  <controlfield tag="007">ta</controlfield>
  <controlfield tag="008">180604s2015    ag ado |r     00| 0 spa d</controlfield>
  <datafield tag="020" ind1=" " ind2=" ">
    <subfield code="a">978-950-01-1685-5</subfield>
    <subfield code="q">manual</subfield>
  </datafield>
  <datafield tag="020" ind1=" " ind2=" ">
    <subfield code="a">978-950-01-1686-2</subfield>
    <subfield code="q">cuadernillo</subfield>
  </datafield>
  <datafield tag="040" ind1=" " ind2=" ">
    <subfield code="a">AR-BaBN</subfield>
    <subfield code="b">spa</subfield>
    <subfield code="c">AR-RoUNCS</subfield>
  </datafield>
  <datafield tag="245" ind1="0" ind2="0">
    <subfield code="a">Ciudadan&#xED;a 1 ES : </subfield>
    <subfield code="b">la dignidad humana, los derechos, la democracia, el cuidado de uno mismo y de los otros /</subfield>
    <subfield code="c">Irene Marrone ... [et al.].</subfield>
  </datafield>
  <datafield tag="250" ind1=" " ind2=" ">
    <subfield code="a">1a ed., 3a reimpr.</subfield>
  </datafield>
  <datafield tag="260" ind1=" " ind2=" ">
    <subfield code="a">San Isidro :</subfield>
    <subfield code="b">Estrada,</subfield>
    <subfield code="c">c2015.</subfield>
  </datafield>
  <datafield tag="300" ind1=" " ind2=" ">
    <subfield code="a">125 p. :</subfield>
    <subfield code="b">il. col., diagrs., fot., tablas ;</subfield>
    <subfield code="c">28 cm +</subfield>
    <subfield code="e">1 cuadernillo de actividades (31 p. ; 28 cm.)</subfield>
  </datafield>
  <datafield tag="490" ind1="1" ind2=" ">
    <subfield code="a">Huellas</subfield>
  </datafield>
  <datafield tag="500" ind1=" " ind2=" ">
    <subfield code="a">Obra acompa&#xF1;ada por el cuadernillo de actividades Saber hacer / autora: Mar&#xED;a Eugenia Younis Moreno.</subfield>
  </datafield>
  <datafield tag="505" ind1="2" ind2=" ">
    <subfield code="a">Bloque I: Derechos -- 1. Dignidad y libertad -- 2. Las normas y su funci&#xF3;n en la sociedad -- 3. El derecho y los derechos humanos -- 4. Los derechos civiles, pol&#xED;ticos y sociales. El caso de las mujeres -- 5. Los derechos de ni&#xF1;as, ni&#xF1;os y adolescentes -- Bloque II: Igualdad y diferencias -- 6. Cultura e identidad -- 7. Igualdad y diversidad -- Bloque III: Estado, gobierno y participaci&#xF3;n -- 8. La democracia -- 9. Autoritarismo y dictadura en la Argentina -- Bloque IV: El cuidado de uno mismo y de los otros -- 10. Una introducci&#xF3;n a los cuidados.</subfield>
  </datafield>
  <datafield tag="521" ind1="2" ind2=" ">
    <subfield code="a">Primer a&#xF1;o de Educaci&#xF3;n Secundaria.</subfield>
  </datafield>
  <datafield tag="650" ind1=" " ind2="7">
    <subfield code="a">Educaci&#xF3;n c&#xED;vica</subfield>
    <subfield code="2">embne</subfield>
  </datafield>
  <datafield tag="655" ind1=" " ind2="7">
    <subfield code="a">Libros de texto</subfield>
    <subfield code="2">embne</subfield>
  </datafield>
  <datafield tag="700" ind1="1" ind2=" ">
    <subfield code="a">Ferreyra, Romina</subfield>
  </datafield>
  <datafield tag="700" ind1="1" ind2=" ">
    <subfield code="a">Fuertes, Adri&#xE1;n</subfield>
  </datafield>
  <datafield tag="700" ind1="1" ind2=" ">
    <subfield code="a">Marrone, Irene</subfield>
  </datafield>
  <datafield tag="700" ind1="1" ind2=" ">
    <subfield code="a">Pierri, Carla</subfield>
  </datafield>
  <datafield tag="700" ind1="1" ind2=" ">
    <subfield code="a">Ram&#xED;rez Llorens, Fernando,</subfield>
    <subfield code="d">1974-</subfield>
  </datafield>
  <datafield tag="700" ind1="1" ind2=" ">
    <subfield code="a">Riveros, Brenda</subfield>
  </datafield>
  <datafield tag="700" ind1="1" ind2=" ">
    <subfield code="a">Rojtenberg, Carolina</subfield>
  </datafield>
  <datafield tag="700" ind1="1" ind2=" ">
    <subfield code="a">Younis Moreno, Mar&#xED;a Eugenia</subfield>
  </datafield>
  <datafield tag="942" ind1=" " ind2=" ">
    <subfield code="2">udc</subfield>
    <subfield code="c">OG</subfield>
    <subfield code="n">0</subfield>
  </datafield>
  <datafield tag="999" ind1=" " ind2=" ">
    <subfield code="c">1039</subfield>
    <subfield code="d">1039</subfield>
  </datafield>
  <datafield tag="952" ind1=" " ind2=" ">
    <subfield code="0">0</subfield>
    <subfield code="1">0</subfield>
    <subfield code="2">udc</subfield>
    <subfield code="4">0</subfield>
    <subfield code="7">0</subfield>
    <subfield code="8">CG</subfield>
    <subfield code="a">ESOCIALES</subfield>
    <subfield code="b">ESOCIALES</subfield>
    <subfield code="d">2026-06-04</subfield>
    <subfield code="e">Donaci&#xF3;n 2026</subfield>
    <subfield code="l">0</subfield>
    <subfield code="o">32(07) C581</subfield>
    <subfield code="p">001526</subfield>
    <subfield code="r">2026-06-04 16:19:50</subfield>
    <subfield code="w">2026-06-04</subfield>
    <subfield code="y">OG</subfield>
  </datafield>
</record>
